First Names of Famous European Leaders - Statistics

General Stats
  • This quiz has been taken 164 times
  • The average score is 17 of 28
Answer Stats
Country First name Last name % Correct
Germany Angela Merkel
96%
UK Winston Churchill
95%
France Napoleon Bonaparte
94%
USSR Joseph Stalin
91%
Russia Vladimir Putin
91%
UK Margaret Thatcher
89%
Italy Benito Mussolini
87%
Germany Otto von Bismarck
84%
UK Tony Blair
84%
Russia Boris Yeltsin
83%
UK Theresa May
77%
France Emmanuel Macron
64%
France Nicolas Sarkozy
63%
France Jacques Chirac
62%
Spain Francisco Franco
60%
France Francois Mitterrand
59%
Italy Silvio Berlusconi
59%
Germany Helmut Kohl
58%
Poland Lech Walesa
54%
USSR Mikhail Gorbachev
50%
Germany Konrad Adenauer
39%
Austria Kurt Waldheim
31%
Sweden Olof Palme
29%
Czechoslovakia Václav Havel
29%
Yugoslavia Josip Broz Tito
27%
Romania Nicolae Ceaușescu
26%
Ireland Mary Robinson
23%
Russia Dmitry Medvedev
21%
No matching quizzes found
Score Distribution
Percent of People with Each Score
Percentile by Number Answered
Your Score History
You have not taken this quiz